000
00275nam a22001217a 4500
999
_c
162133
_d
162133
082
_a
_b
100
_a
Bahadur K P
245
_a
Western Maharashtra and Gujarat/
_c
by Bahadur K P.
260
_a
New Delhi:
_b
Ess Ess,
_c
1981.
300
_a
201p.
650
_a
942
_c
BK